El cuerpo humano; organización /

Guardado en:
Autor Principal: Fesquet, Alberto Enrique
Formato: Libro
Publicado: Buenos Aires : Kapelusz, 1959
Edición:6a. ed.
Materias:
Etiquetas: Agregar Etiqueta
Sin Etiquetas, Sea el primero en etiquetar este registro!
LEADER 00784nam a22002175a 4500
001 CEM.cems002500
005 20060221000000.0
008 130507s1959##################000#0#####d
003 CEMS
082 0 4 |a 611 
100 1 |a Fesquet, Alberto Enrique 
245 1 0 |a El cuerpo humano; organización / 
250 |a 6a. ed. 
260 |a Buenos Aires :  |b Kapelusz,  |c 1959 
300 |a 60 p. 
505 0 |a Vida y muerte.-Citolog¡a.-Histolog¡a.-Osteolog¡a.-Artrolog¡a.-Miolog¡a. -Angiolog¡a.-Aparato respiratorio.-Digesti¢n.-Metabolismo.-Gl ndulas y secreciones.- 
653 |a Anatomia 
653 |a Biologia 3er. año 
653 |a Hombre-anatomia 
859 |a CEMS  |b BIB. CEMS - 11 de abril  |h 611  |i F441a6/I  |p 10589.81  |t Ej.1 
859 |a CEMS  |b BIB. CEMS - 11 de abril  |h 611  |i F441a6/I  |p 10590.81  |t Ej.2